<?xml version="1.0" encoding="UTF-8"?>
<record
    xmlns:xsi="http://www.w3.org/2001/XMLSchema-instance"
    xsi:schemaLocation="http://www.loc.gov/MARC21/slim http://www.loc.gov/standards/marcxml/schema/MARC21slim.xsd"
    xmlns="http://www.loc.gov/MARC21/slim">

  <leader>00546nam a22001457a 4500</leader>
  <controlfield tag="003">0</controlfield>
  <controlfield tag="005">20221015105132.0</controlfield>
  <controlfield tag="008">221015b        xxu||||| |||| 00| 0 eng d</controlfield>
  <datafield tag="050" ind1=" " ind2=" ">
    <subfield code="a">LB1025.3</subfield>
    <subfield code="b">.Sh58 2021</subfield>
  </datafield>
  <datafield tag="245" ind1=" " ind2=" ">
    <subfield code="a">Acomparartive study of teaching strategies in the core subjects of grade 7-12 of southville international school and colleges</subfield>
    <subfield code="c">Greatchen V. Shultz</subfield>
  </datafield>
  <datafield tag="260" ind1=" " ind2=" ">
    <subfield code="a">Las Pinas, Philippines</subfield>
    <subfield code="b">Southville International School and Colleges</subfield>
    <subfield code="c">C2021</subfield>
  </datafield>
  <datafield tag="300" ind1=" " ind2=" ">
    <subfield code="a">vi,50pp.</subfield>
    <subfield code="c">28cm.</subfield>
    <subfield code="f">Theses</subfield>
  </datafield>
  <datafield tag="500" ind1=" " ind2=" ">
    <subfield code="a">Teaching strategies.</subfield>
  </datafield>
  <datafield tag="942" ind1=" " ind2=" ">
    <subfield code="2">lcc</subfield>
    <subfield code="c">TH</subfield>
  </datafield>
  <datafield tag="999" ind1=" " ind2=" ">
    <subfield code="c">364854</subfield>
    <subfield code="d">364854</subfield>
  </datafield>
  <datafield tag="952" ind1=" " ind2=" ">
    <subfield code="0">0</subfield>
    <subfield code="1">0</subfield>
    <subfield code="2">lcc</subfield>
    <subfield code="4">0</subfield>
    <subfield code="a">CL</subfield>
    <subfield code="b">CL</subfield>
    <subfield code="c">THESES</subfield>
    <subfield code="d">2022-10-15</subfield>
    <subfield code="e">DONATION</subfield>
    <subfield code="k">THESES</subfield>
    <subfield code="l">0</subfield>
    <subfield code="o">LB1025.3 .Sh58 2021</subfield>
    <subfield code="p">T1026</subfield>
    <subfield code="r">2022-10-15 00:00:00</subfield>
    <subfield code="w">2022-10-15</subfield>
    <subfield code="y">TH</subfield>
  </datafield>
</record>
